000 00373 a2200169 4500
001 157664
020 _a9786550990336
040 _cEscola São Tomás de Aquino
100 _aCarr, Robyn
240 1 0 _aVirgin River
_lpor
245 1 0 _aVirgin River
300 _a320
362 0 _a2020
440 1 _aHarlequin
697 _aRomance / Ficção americana
942 _cBK
999 _c157664
_d157664